[Event "Llinars del Valles op-B 13th"]
[Site "Llinars del Valles"]
[Date "2019.05.04"]
[Round "4"]
[White "Martinez Gueldos, Ferran"]
[Black "Cruz Medina, Julia"]
[Result "0-1"]
[WhiteElo "1299"]
[BlackElo "1571"]
[PlyCount "66"]
[EventDate "2019.03.30"]
[EventType "swiss"]
[EventRounds "8"]
[EventCountry "ESP"]
[SourceTitle "EXT 2020"]
[Source "ChessBase"]
[SourceDate "2019.10.17"]
[SourceVersion "1"]
[SourceVersionDate "2019.10.17"]
[SourceQuality "1"]

1. d4 d5 2. Nf3 Nf6 3. e3 e6 4. Bd3 c5 5. b3 Nc6 6. Bb2 b6 7. Nbd2 Bb7 8. 0-0 Bd6 9. Ne5 0-0 10. f4 Ne7 11. Ndf3 Nf5 12. Qe2 Be7 13. g4 Nd6 14. g5 Nfe4 15. Nh4 Rc8 16. c4 dxc4 17. bxc4 f6 18. gxf6 Bxf6 19. Qg4 Bxh4 20. dxc5 Nf5 21. Nf3 Bf6 22. Bxf6 Rxf6 23. Bxe4 Bxe4 24. Ng5 Rg6 25. Qh5 Nh6 26. Kf2 Rxc5 27. Rad1 Qf8 28. Qxg6 Bxg6 29. Nxe6 Qe7 30. Rd8+ Kf7 31. Ng5+ Kf6 32. Rfd1 Nf5 33. Ne4+ Qxe4 0-1

[Event "Llinars del Valles op-B 13th"]
[Site "Llinars del Valles"]
[Date "2019.03.30"]
[Round "1"]
[White "Doblado Garcia, Asier"]
[Black "Cruz Medina, Julia"]
[Result "0-1"]
[WhiteElo "1270"]
[BlackElo "1571"]
[PlyCount "106"]
[EventDate "2019.03.30"]
[EventType "swiss"]
[EventRounds "8"]
[EventCountry "ESP"]
[SourceTitle "EXT 2020"]
[Source "ChessBase"]
[SourceDate "2019.10.17"]
[SourceVersion "1"]
[SourceVersionDate "2019.10.17"]
[SourceQuality "1"]

1. e4 e5 2. Nf3 Nc6 3. Bc4 Bc5 4. c3 Nf6 5. d3 d6 6. Bb3 0-0 7. 0-0 Ne7 8. Nbd2 Ng6 9. h3 Be6 10. Bc2 h6 11. Re1 Qd7 12. d4 exd4 13. cxd4 Bb4 14. d5 Bxh3 15. gxh3 Qxh3 16. Qe2 Nf4 17. Qf1 Qg4+ 18. Kh1 Bxd2 19. Nxd2 Qh4+ 20. Kg1 Qg4+ 21. Kh1 Qh5+ 22. Kg1 Ng4 23. Nf3 Nh3+ 24. Kg2 Ngxf2 25. Bd1 Qg4+ 26. Kh2 Nxd1 27. Rxd1 Nf4 28. Kh1 Nh5 29. Qg2 Qxe4 30. Bxh6 Qh7 31. Kg1 Qxh6 32. Kf2 Nf4 33. Qg3 Rfe8 34. Nd4 Qf6 35. Kg1 Re2 36. Rf1 Qxd4+ 37. Kh1 Qxd5+ 38. Rf3 Qh5+ 39. Kg1 Rg2+ 40. Qxg2 Nxg2 41. Kxg2 Re8 42. Rc1 Qg5+ 43. Kh3 Qxc1 44. Rc3 Re3+ 45. Rxe3 Qxe3+ 46. Kg2 f5 47. b4 f4 48. b5 f3+ 49. Kh1 Qe2 50. b6 f2 51. Kh2 f1Q+ 52. Kg3 Qeg2+ 53. Kh4 Qfh1# 0-1

[Event "Roncana op-B 12th"]
[Site "Santa Eulalia de Roncana"]
[Date "2018.11.10"]
[Round "6"]
[White "Cruz Medina, Julia"]
[Black "Rivas Garcia, Alberto"]
[Result "1-0"]
[WhiteElo "1562"]
[BlackElo "1406"]
[PlyCount "55"]
[EventDate "2018.09.29"]
[EventType "swiss"]
[EventRounds "8"]
[EventCountry "ESP"]
[SourceTitle "EXT 2022"]
[Source "ChessBase"]
[SourceDate "2021.10.06"]
[SourceVersion "1"]
[SourceVersionDate "2021.10.06"]
[SourceQuality "1"]

1. e4 c6 2. d4 d5 3. Nc3 dxe4 4. Nxe4 Bf5 5. Ng3 Bg6 6. Nf3 Nd7 7. h4 h6 8. h5 Bh7 9. Bd3 Bxd3 10. Qxd3 e6 11. Bd2 Ngf6 12. 0-0-0 Qc7 13. Kb1 0-0-0 14. c4 c5 15. Qc3 Bd6 16. Ne2 Ne4 17. Qe3 Nxd2+ 18. Rxd2 Rhe8 19. Rhd1 e5 20. dxe5 Nxe5 21. Nxe5 Bxe5 22. Qf3 Rxd2 23. Rxd2 Kb8 24. Nc3 Bxc3 25. Qxc3 Qf4 26. Rc2 Qd4 27. Qg3+ Qe5 28. Re2 1-0